<The> impact of trade prices on employment and wages in the United States

Salvato in:
Dettagli Bibliografici
Autore principale: Hakura, Dalia
Natura: Libro
Lingua:inglese
Pubblicazione: Washington International Monetary Fund 1997
Serie:IMF working paper WP/97/116
Soggetti:
Tags: Aggiungi Tag
Nessun Tag, puoi essere il primo ad aggiungerne!!

MARC

LEADER 00000nam a2200000 4500
001 c100060
005 20221124074656.4
041 0 |a eng 
044 |a US 
245 1 0 |a <The> impact of trade prices on employment and wages in the United States  |c Prepared by Dalia Hakura 
264 1 |a Washington  |b International Monetary Fund  |c 1997 
300 |a 26 s. 
490 1 |a IMF working paper  |v WP/97/116 
830 0 |a IMF working paper  |v WP/97/116 
610 2 0 |a ceny obchodné 
610 2 0 |a zamestnanosť 
610 2 0 |a mzdy 
610 2 0 |a dovoz 
610 2 0 |a vývoz 
610 2 0 |a obchod zahraničný 
610 2 0 |a modely 
610 2 0 |a regresia 
610 2 0 |a odhad štatistický 
610 2 0 |a údaje štatistické 
610 2 0 |a USA 
100 1 |a Hakura, Dalia